000 00463nam a2200181Ia 4500
001 12762
005 20260306163005.0
008 260306t2009||||xx |||||||||||||| ||spa||
041 _aESP
082 _aRD 193
_bA26
100 _aAdrián Escudero, Jesús
_eAUT
245 0 _aEl lenguaje de Heidegger:
_bdiccionario filosófico 1912-1927
260 _c2009
300 _a287 páginas :
_c22 cm.
650 _aGEN
654 _aCHU
942 _cDIC
_dJUS
_fJUS
_2ddc
_n
999 _c12762
_d12762